000 01145nam0a2200325 4500
001 RU\NLR\bibl\1187055
005 20250615093935.0
010 _a978-5-17-046491-3
_bАСТ
010 _a978-5-9713-5865-7
_bАСТ МОСКВА
010 _a978-5-9762-4587-7
_bХранитель
010 _a978-5-17-045057-2
_bАСТ
010 _a978-5-9713-5847-3
_bАСТ МОСКВА
010 _a978-5-9762-3915-9
_bХранитель
_96000
021 _aRU
_b2007-89587
_94841
035 _a(NLR Aleph) 001173630
090 _a1613127
_c1613127
100 _a20080211d2007 |||y0rusy50 ca
101 1 _arus
_ceng
102 _aRU
105 _ay |||||||||
200 1 _aПланета Ка-Пэкс
_e[роман]
_fДжин Брюэр
_g[пер. с англ. Е.Р. Золот-Гасско]
210 _aМосква
_cАСТ
_cХранитель
_d2007
215 _a286, [1] с.
_d21
686 _aШ6(7США)67-446{Лх1979-60}
700 1 _4070
_7ca
_8rus
_aБрюэр
_bД.
_f1937-
_gДжин
_9251684
_3RU\NLR\AUTH\770251740
801 0 _aRU
_bNLR
_c20080211
_gRCR
801 1 _aRU
_bNLR
_c20080211
942 _cBOOK
980 _aNB